000 004340000a22001810004500
003 MACL
005 20160124113913.0
008 160124b xxu||||| |||| 00| 0 eng d
040 _aMACL
_cMACL
041 _aEnglish
082 _a540/MAS
100 _aGalgotia
_933388
245 _aSat 2 chemistry
260 _bGalgotia Publications
_c1998
_aNew Delhi
350 _a150
650 _aChemistry
_934398
942 _cBK
_k540/Mas
_2ddc
999 _c32332
_d32332